Central Library OPAC University of Rajshahi

Lorna Doone : (Record no. 19882)

MARC details
000 -LEADER
fixed length control field 00905cam a2200265u 4500
001 - CONTROL NUMBER
control field 19882
003 - CONTROL NUMBER IDENTIFIER
rucl marc code BD-RjUL
005 - DATE AND TIME OF LATEST TRANSACTION
control field 20211209000506.0
008 - FIXED-LENGTH DATA ELEMENTS--GENERAL INFORMATION
fixed length control field 140226r19501913enkc 000 0 eng
035 ## - SYSTEM CONTROL NUMBER
System control number (BD-RjUL)19943
040 ## - CATALOGING SOURCE
Original cataloging agency DLC
Transcribing agency CarP
Modifying agency DLC
-- BD-RjUL
Language of cataloging eng
041 ## - LANGUAGE CODE
Language code of text/sound track or separate title eng
082 ## - DEWEY DECIMAL CLASSIFICATION NUMBER
Classification number 823.914
Author mark and year BLL 1950
100 1# - MAIN ENTRY--PERSONAL NAME
Personal name Blackmore, R. D.
Fuller form of name (Richard Doddridge),
Dates associated with a name 1825-1900.
9 (RLIN) 59542
245 10 - TITLE STATEMENT
Title Lorna Doone :
Remainder of title a romance of exmoor /
Statement of responsibility, etc. with an introduction by Sir Herbert Warren
260 ## - PUBLICATION, DISTRIBUTION, ETC. (IMPRINT)
Place of publication, distribution, etc. London ;
-- New York :
Name of publisher, distributor, etc. Oxford University Press,
Date of publication, distribution, etc. Reprinteds [1950].
300 ## - PHYSICAL DESCRIPTION
Pagination xxiii, 694 p. :
Illustrations illus. ;
Size 22 cm.
650 #0 - SUBJECT ADDED ENTRY--TOPICAL TERM
Topical term or geographic name as entry element Monmouth's Rebellion, 1685
General subdivision Fiction.
9 (RLIN) 60446
651 #0 - SUBJECT ADDED ENTRY--GEOGRAPHIC NAME
Geographic name Exmoor (England)
General subdivision Fiction.
9 (RLIN) 61059
942 ## - ADDED ENTRY ELEMENTS (KOHA)
Source of classification or shelving scheme Dewey Decimal Classification
Koha item type Books
Holdings
Lost status Source of classification or shelving scheme Damaged status Not for loan Collection code Permanent Location Current Location Shelving location Date acquired Source of acquisition Cost, normal purchase price Total Checkouts Full call number Date last seen Copy number Koha item type
  Dewey Decimal Classification     Fiction Central Library, University of Rajshahi Central Library, University of Rajshahi   25/10/1954 O. U. P. 3.60   823.914 BLL 1950 26/02/2014 C-4 Books
  Dewey Decimal Classification     Fiction Central Library, University of Rajshahi Central Library, University of Rajshahi   22/01/1955 M.B.P. dacca 3.20   823.914 BLL 1950 08/03/2014 C-5 Books